| 000 | 00968nam a2200325 a 4500 | ||
|---|---|---|---|
| 003 | AR-BaBNM | ||
| 005 | 20251128205007.0 | ||
| 008 | 082120s2002 ||||||||||||||000 | spa|| | ||
| 020 | _a84-493-0100-9 | ||
| 040 | _cAR-BaBNM | ||
| 100 | 1 | _aGuerrero López, José Francisco | |
| 245 | 0 | 0 | _aNuevas perspectivas en la educación e integración de los niños con síndrome de Down |
| 250 | _a1ª ed. | ||
| 260 |
_aBarcelona _bPaidós _c1995 |
||
| 300 |
_a307 p. _btablas |
||
| 490 | 0 |
_aPapeles de pedagogía _vv. 22 |
|
| 504 | _aLa bibliografía se encuentra al final de cada capítulo | ||
| 650 | 4 | _aSINDROME DE DOWN | |
| 650 | 4 | _aEDUCACION ESPECIAL | |
| 650 | 4 | _aINTEGRACION ESCOLAR | |
| 650 | 4 | _aESCUELAS DE EDUCACION ESPECIAL | |
| 650 | 4 | _aPLANIFICACION DEL CURRICULO | |
| 650 | 4 | _aINTEGRACION SOCIAL | |
| 650 | 4 | _aREHABILITACION | |
| 651 | 4 | _aEspaña | |
| 653 | _aREEDUCACION | ||
| 653 | _aDISCAPACIDAD MENTAL | ||
| 942 | _cBK | ||
| 998 | _csilvi | ||
| 999 |
_c9613 _d9613 |
||